|
|
|
|
| LEADER |
00691nam a22002172a 4500 |
| 001 |
000204775 |
| 003 |
CZ BrMZK |
| 005 |
19970107143423.0 |
| 008 |
970107s1977 gw f ger d |
| 020 |
|
|
|a 3-7853-1262-8
|
| 040 |
|
|
|a BOA001
|b cze
|
| 100 |
1 |
|
|a Wägner, Nils
|
| 245 |
1 |
0 |
|a Babyschwimmen /
|c Nils Waegner
|
| 250 |
|
|
|a 1. Aufl.
|
| 260 |
|
|
|a Bad Homburg vor der Höhe :
|b Limpert,
|c 1977
|
| 300 |
|
|
|a 88 s.
|
| 910 |
|
|
|a BOA001
|b PK-0091.789
|
| 964 |
|
|
|a Kojenci - plavání - příručky pro rodiče
|
| 964 |
|
|
|a Batolata - plavání - výcvik - příručky pro rodiče
|
| 990 |
|
|
|a BK
|
| 996 |
7 |
|
|b 3119900764
|c PK-0091.789
|l MZK
|r Sklad / do 1 hodiny
|n 9
|w 000204775
|u 000010
|a 1
|e BOA001
|j MZK50
|s A
|